000 01644cam a2200349 4500
001 ABS68062
008 040730n2004 000 0 eng u
035 _a(Sirsi) u126988
100 _aAllinson, J.
245 4 _aThe beginnings of an urban renaissance
260 _c2004
490 _aTown and Country Planning
_v73(7/8) July/August 2004, 228-231(4)
520 _aExamines a new study, which sees recent migration flows into and out of English cities as the possible glimmerings on a new pro-urban movement. The study analysed migration figures as they apply to the principal central cities of the six non-London conurbations and their other metropolitan districts and confirmed that these central areas have behaved somewhat differently over the1990s from the secondary conurbation towns and cities. Concludes that the evidence from the study suggests that there is a growing attraction for city living. However, while the cities have reduced their net migration loss, it would be premature to think in terms of an urban renaissance. Statistical tables cover migration moves over the 1990s and specifically net metropolitan loss for the West Midlands. Notes.
590 _aABS
590 _aABS
650 _aTYNE AND WEAR
650 _aGREATER MANCHESTER
650 _aWOLVERHAMPTON
650 _aDUDLEY
650 _aSOLIHULL
650 _aMERSEYSIDE
650 _aWEST MIDLANDS
650 _aMANCHESTER
650 _aLEEDS
650 _aLIVERPOOL
650 _aBIRMINGHAM
650 _aDEMOGRAPHIC CHANGE
650 _aURBAN RENAISSANCE
650 _aMIGRATION
690 _aREGENERATION
942 _n0
999 _c117803
_d117803